[Event "World Team-ch 2017"]
[Site "Khanty-Mansyisk"]
[Date "2017.06.26"]
[Round "9"]
[White "Kovalev, Vladislav"]
[Black "Yilmaz, Mustafa"]
[Result "1-0"]
[WhiteElo "2641"]
[BlackElo "2630"]
[Annotator "TA"]
[PlyCount "129"]
[EventDate "2017.??.??"]
[EventType "team-tourn"]
[EventCountry "RUS"]
[SourceTitle "playchess.com"]
[Source "ChessBase"]
[SourceQuality "1"]
[WhiteTeam "BLR"]
[BlackTeam "TUR"]
[WhiteTeamCountry "BLR"]
[BlackTeamCountry "TUR"]

{[%evp 19,129,0,3,7,5,10,23,0,0,0,0,0,0,-14,-15,-14,18,0,41,49,129,130,116,14,25,10,38,43,45,40,45,61,43,0,0,0,76,-7,18,0,0,0,59,59,59,59,59,63,109,71,123,29,75,54,59,29,29,29,29,29,43,21,30,24,74,74,74,74,74,74,74,61,74,56,31,38,337,300,379,365,358,358,318,304,388,364,300,265,470,370,458,444,437,416,203,210,29962,6629,29974,29975,29974,29976,29975,29977,29977,29977,29982,29983,29983,29984,29984,29985]} 1. e4 c5 2. Nf3 d6 3. Bb5+ Nd7 4. O-O a6 5. Bd3 Ngf6 6. Re1 {B51: Sicilian: Moscow Variation (3 Bb5+) without 3...Bd7} e6 7. c3 b5 8. Bc2 c4 9. d4 cxd3 10. Qxd3 Bb7 {LiveBook: 6 Games} 11. a4 Nc5 12. Qe2 bxa4 13. Nbd2 $146 {[%cal Bb1d2,Bd2c4,Bc4a5][%mdl 32]} Rc8 14. e5 Nfd7 15. exd6 Bxd6 16. Nc4 Bb8 17. Rd1 Qe7 18. Na5 (18. Rxa4 $5 Nxa4 19. Bxa4 $15) 18... Ba8 19. Rxa4 $1 Nxa4 (19... O-O $14 20. Rad4 Nf6) 20. Bxa4 $16 Rd8 21. Nd4 (21. Qxa6 O-O $17) (21. Bg5 $1 $16 {[%cal Rg5e7]} Bxf3 22. Qd2 Bxd1 23. Bxe7 Bxa4 24. Bxd8 Kxd8 25. b3) 21... O-O $1 $11 22. Nac6 Bxc6 (22... Qh4 $5 {[%cal Rh4h2]} 23. g3 Qh3 $11) 23. Nxc6 Qh4 24. f4 $1 Bxf4 25. Bxf4 Qxf4 26. Rd4 Qc1+ $1 27. Rd1 Qf4 28. Bc2 (28. b3 $1 $16) 28... Qc7 {[#]} 29. Bxh7+ $1 {[%mdl 512]} Kh8 (29... Kxh7 30. Qh5+) 30. Nxd8 Qxd8 (30... Rxd8 $11 31. Bc2 Nf6) 31. Bc2 $14 {White threatens Qh5+ and mate.} Qb6+ 32. Qf2 Qxf2+ 33. Kxf2 {[%mdl 4096] Endgame KRB-KRN} Nb6 34. Ra1 Ra8 (34... Rd8 $142 35. Ke1 (35. Rxa6 Nc4 $14) 35... Nc4) 35. Ra5 (35. Be4 $16 Ra7 36. Bd3) 35... Nd5 36. Kf3 g6 37. Be4 (37. Rc5 {keeps more tension.} Nf6 38. c4 Kg7 39. h3 Ne8 40. g4) 37... Rb8 38. Bxd5 exd5 $11 {KR-KR} 39. Ra2 Kg7 40. Ke3 {aiming for b4.} a5 $1 41. Kd4 Kf6 42. Kxd5 Rd8+ 43. Ke4 Rd2 44. Kf3 g5 45. h3 a4 46. g4 Ke5 47. Rxa4 {Re4+ is the strong threat.} Rxb2 $2 {[%mdl 8192]} (47... Rd3+ $14 48. Kf2 Rxh3) 48. Ra5+ $18 Kd6 49. Ke4 $1 Rh2 50. Rd5+ ({Less strong is} 50. Rxg5 Rxh3 51. c4 Rg3 $16) 50... Ke6 {[#]} 51. Rd3 $1 ({Not} 51. Rxg5 Rxh3 52. Re5+ Kd7 $16) 51... Re2+ 52. Kd4 {Black must now prevent Re3+.} Rf2 53. Kc5 f5 $2 (53... Rb2 {was worth a try.} 54. c4 Rb8 55. Re3+ Kd7) 54. Rd6+ Kf7 55. Rd5 fxg4 56. hxg4 Kf6 {[#]} 57. Kd6 $1 Rf3 $2 (57... Rc2 $18 58. Rd3 Re2) 58. c4 Rf4 59. c5 {White mates.} Rxg4 60. c6 Rh4 61. c7 Rh8 62. Kc6 g4 63. Rd8 Rh1 64. c8=Q Rc1+ 65. Kd5 {Precision: White = 58%, Black = 47%.} 1-0

[Event "World Team-ch 2017"]
[Site "Khanty-Mansyisk"]
[Date "2017.06.26"]
[Round "9"]
[White "Solak, Dragan"]
[Black "Zhigalko, Sergei"]
[Result "1/2-1/2"]
[WhiteElo "2641"]
[BlackElo "2635"]
[Annotator "TA"]
[PlyCount "92"]
[EventDate "2017.??.??"]
[EventType "team-tourn"]
[EventCountry "RUS"]
[SourceTitle "playchess.com"]
[Source "ChessBase"]
[SourceQuality "1"]
[WhiteTeam "TUR"]
[BlackTeam "BLR"]
[WhiteTeamCountry "TUR"]
[BlackTeamCountry "BLR"]

{[%evp 16,92,18,0,21,18,18,18,18,20,20,25,29,13,23,19,13,14,58,0,0,0,0,0,0,0,0,0,0,0,0,0,0,0,10,0,12,16,22,22,29,22,30,31,81,50,25,10,16,7,25,6,29,0,0,0,0,0,63,0,0,-81,0,-235,0,0,0,0,0,0,0,0,0,0,0,0,0,0,0]} 1. e4 c5 2. c3 d5 3. exd5 Qxd5 4. d4 Nf6 5. Nf3 e6 6. Be2 Nc6 7. O-O cxd4 {B22: Sicilian: 2 c3} 8. Nxd4 (8. cxd4 Be7 9. Nc3 Qd6 10. Nb5 Qd8 11. Bf4 Nd5 12. Bg3 O-O 13. Bc4 a6 14. Bxd5 axb5 15. Be4 Bf6 16. Qd3 h6 17. Rfd1 Qb6 18. Bd6 Rd8 19. Bc5 Qa6 20. Qb3 Bd7 21. d5 Na5 22. Qb4 exd5 23. Bxd5 {½-½ (57) Rublevsky,S (2702)-Grigoriants,S (2603) Berlin 2015}) 8... Bd7 9. Bf3 {LiveBook: 7 Games} Qa5 10. Nxc6 Bxc6 11. Bxc6+ bxc6 12. Nd2 Qb5 $146 ({Predecessor:} 12... Be7 13. Nc4 {½-½ (13) Kovacevic,A (2575)-Markus,R (2575) Mataruska Banja 2008}) 13. c4 Qb6 14. Qf3 Be7 15. b3 O-O 16. Bb2 a5 (16... Rfd8 $5 {[%cal Rd8d2]} 17. Rfd1 Rab8 $14) 17. Qg3 (17. Rae1 $14) 17... Nh5 $11 18. Qf3 Bf6 19. Rab1 Bxb2 20. Rxb2 Nf6 {[%cal Bh5f6,Bf6e4,Be4g5,Bg5f3][%mdl 32]} 21. Nb1 Rfd8 22. g3 a4 23. b4 Qd4 24. Rc2 Ne4 25. Re1 Ng5 26. Qe2 Qd3 {Threatens to win with ...Nf3+.} 27. Kg2 {[#]} Nf3 $1 {[%mdl 512]} 28. Rec1 (28. Qxf3 Qxc2) 28... Qxe2 29. Rxe2 Rd3 30. Rc3 Rd1 $1 31. Kxf3 {Strongly threatening Nd2.} Rxb1 {[%mdl 4096] Endgame KRR-KRR} 32. a3 Rd8 33. Re5 g6 34. Kg2 h5 35. Rf3 Rc1 36. Rc5 Rdd1 (36... Kf8 $11) 37. Kh3 (37. Rxc6 $2 g5 $19) (37. b5 $1 $14 cxb5 38. Rc8+ Kg7 39. Rc7) 37... Kg7 38. Ra5 {[#]} (38. b5 $11 {keeps the balance.} cxb5 39. Rc7 Rxc4 40. Rfxf7+ Kh6 41. Rce7) 38... f5 ({Don't blunder} 38... Rxc4 $2 39. Ra7 $16) ({Black should try} 38... Rd7 $1 $17) 39. Re3 $2 {[#]} (39. Re5 $1 $11) 39... Kf7 $2 (39... Rd2 $1 $19 {[%cal Rd2f2]} 40. Ra8 (40. Rxe6 Rxf2 41. Ra8 Rcc2 $19) 40... Rxf2 41. Rxe6 Rcc2) 40. Rae5 {The position is equal.} ({But not} 40. Rxa4 Rd2 $15) 40... Rd2 41. Rxe6 {And now Re7+ would win.} Rxf2 42. Rxc6 g5 43. Rc7+ Kf6 44. Rc6+ Kf7 $1 45. Rc7+ Kf6 {( -> ...g4+)} 46. Rc6+ Kf7 $1 {Precision: White = 63%, Black = 57%.} 1/2-1/2

[Event "World Team-ch 2017"]
[Site "Khanty-Mansyisk"]
[Date "2017.06.26"]
[Round "9"]
[White "Piorun, Kacper"]
[Black "Wei, Yi"]
[Result "1/2-1/2"]
[WhiteElo "2632"]
[BlackElo "2728"]
[Annotator "TA"]
[PlyCount "36"]
[EventDate "2017.??.??"]
[EventType "team-tourn"]
[EventCountry "RUS"]
[SourceTitle "playchess.com"]
[Source "ChessBase"]
[SourceQuality "1"]
[WhiteTeam "POL"]
[BlackTeam "CHN"]
[WhiteTeamCountry "POL"]
[BlackTeamCountry "CHN"]

{[%evp 21,28,18,33,-34,-26,-37,-16,-32,-25]} 1. e4 e5 2. Nf3 Nf6 3. Nxe5 d6 4. Nf3 Nxe4 5. d4 d5 6. Bd3 Bd6 7. O-O O-O 8. c4 c6 9. Qc2 Na6 10. a3 Bg4 11. Ne5 {C42: Petroff Defence: 3 Nxe5 and unusual White 3rd moves} Bf5 {LiveBook: 41 Games} (11... Bxe5 12. dxe5 Nac5 13. f3 Nxd3 14. Qxd3 Nc5 15. Qd4 Nb3 16. Qxg4 Nxa1 17. Bh6 g6 18. Bxf8 Qxf8 19. cxd5 {1-0 (35) Ma,Q (2637)-Xu,X (2534) China 2017}) 12. Nc3 ({White should play} 12. b4 $14) 12... Bxe5 $15 13. dxe5 Nac5 14. cxd5 cxd5 {Predecessor:} 15. f3 $146 Nxd3 16. fxe4 Bxe4 17. Nxe4 dxe4 18. Kh1 Qd4 {0-1 (28) Ikramul,H (2202)-Mohammad Fahad,R (2134) Dhaka 2016} 1/2-1/2

[Event "World Team-ch 2017"]
[Site "Khanty-Mansyisk"]
[Date "2017.06.26"]
[Round "9"]
[White "Fedorov, Alexei"]
[Black "Sanal, Vahap"]
[Result "1/2-1/2"]
[WhiteElo "2598"]
[BlackElo "2533"]
[Annotator "TA"]
[PlyCount "96"]
[EventDate "2017.??.??"]
[EventType "team-tourn"]
[EventCountry "RUS"]
[SourceTitle "playchess.com"]
[Source "ChessBase"]
[SourceQuality "1"]
[WhiteTeam "BLR"]
[BlackTeam "TUR"]
[WhiteTeamCountry "BLR"]
[BlackTeamCountry "TUR"]

{[%evp 24,96,16,17,19,17,44,35,66,39,46,33,35,20,51,48,45,41,51,29,25,0,0,0,0,-37,0,-9,-8,-27,0,-36,-21,-36,-28,-31,-33,-25,-8,-13,-8,-6,-6,-8,-7,-36,-62,-50,-42,-51,-8,-18,-34,-47,-8,-8,-8,-9,-28,-64,-83,-125,0,0,0,0,0,0,0,0,0,0,0,0,0]} 1. e4 e5 2. Nf3 Nc6 3. Bc4 Nf6 4. d3 Bc5 5. O-O O-O 6. h3 h6 7. Re1 d6 8. c3 a6 {C54: Giuoco Piano: 4 c3 Nf6, main lines with 5 d4 and 5 d3} 9. a4 Re8 10. Nbd2 Be6 11. Bxe6 Rxe6 12. b4 Ba7 13. Qc2 {LiveBook: 22 Games} Re8 {[#]} 14. Nf1 $146 Nh7 15. Bd2 Ne7 16. Rad1 Ng6 17. Qc1 Nhf8 18. d4 Nh4 19. Nxh4 Qxh4 20. Ng3 Ne6 21. Be3 (21. Nf5 $5 {[%cal Rf5h4]} Qh5 22. d5 $14) 21... g6 22. dxe5 {[#] Hoping for Bxa7.} Bxe3 23. Qxe3 dxe5 24. Rd5 Qf4 25. Nf1 a5 {next ...axb4 is good for Black.} 26. b5 h5 27. Qxf4 Nxf4 28. Rd7 Ne6 29. Ne3 Red8 30. Red1 Rxd7 31. Rxd7 Rd8 32. Rxd8+ Nxd8 $11 {[%mdl 4096] Endgame KN-KN} 33. Nc4 Ne6 $1 34. b6 ({Don't play} 34. Nxe5 Nc5 $17) 34... cxb6 35. Nxb6 Nc5 36. f3 Kf8 37. h4 Ke7 38. Kf2 Ke6 39. Ke3 f5 40. exf5+ gxf5 41. f4 e4 $1 42. Kd4 Nd7 ({Black should try} 42... Nb3+ $17 43. Ke3 Kd6) 43. Nd5 {The position is equal.} b6 44. c4 Kf7 45. Ke3 Ke6 46. Kd4 Kf7 47. Ke3 Kf8 48. Kd4 Kf7 {Precision: White = 52%, Black = 56%.} 1/2-1/2

[Event "World Team-ch 2017"]
[Site "Khanty-Mansyisk"]
[Date "2017.06.26"]
[Round "9"]
[White "Tari, Aryan"]
[Black "Vidit, Santosh Gujrathi"]
[Result "1/2-1/2"]
[WhiteElo "2593"]
[BlackElo "2692"]
[Annotator "TA"]
[PlyCount "111"]
[EventDate "2017.??.??"]
[EventType "team-tourn"]
[EventCountry "RUS"]
[SourceTitle "playchess.com"]
[Source "ChessBase"]
[SourceQuality "1"]
[WhiteTeam "NOR"]
[BlackTeam "IND"]
[WhiteTeamCountry "NOR"]
[BlackTeamCountry "IND"]

{[%evp 16,111,8,16,15,22,17,-100,-54,-55,0,0,76,77,85,67,94,91,86,2,13,0,0,-216,-210,-253,0,0,0,0,6,14,22,13,347,322,358,345,327,0,0,0,0,0,0,-31,-31,-31,-31,-38,-38,-38,-38,-38,-38,-38,-38,-38,0,0,0,0,0,0,0,0,0,0,0,0,0,0,0,0,0,0,0,0,0,0,0,0,0,0,0,0,0,0,0,0,0,0,0,0,0,0,0,0]} 1. e4 e5 2. Nf3 Nc6 3. d4 exd4 4. Nxd4 Nf6 5. Nxc6 bxc6 6. Bd3 d5 7. Qe2 dxe4 {C45: Scotch Game} (7... Be7 8. Nd2 O-O 9. O-O Nd7 10. exd5 cxd5 11. Nb3 c5 12. c4 dxc4 13. Bxc4 Nb6 14. Bd3 Be6 15. Rd1 Qc7 16. Qe4 g6 17. Bf4 {1-0 (30) Najer,E (2679)-Inarkiev,E (2727) Poikovsky 2017}) 8. Nc3 Bb4 9. Bxe4 {LiveBook: 5 Games} O-O 10. Bxc6 Rb8 11. Be3 $146 (11. O-O $11) ({Predecessor:} 11. O-O Qd6 12. Ba4 Ng4 13. g3 Qc5 14. Ne4 Qh5 15. f3 {0-1 (25) Morais Carreras,J (1958)-Fernandez Aguilar,F (2080) Sabadell 2016}) 11... Qd6 {[%mdl 1024] Black has strong compensation.} 12. Bf3 $1 Ba6 (12... Ba5 $15 13. O-O Ba6) 13. Qd2 $11 Qe7 (13... Qe5 $11 {remains equal.} 14. O-O-O Qa5 15. Bxa7 Ba3 16. Bxb8 Rxb8) 14. O-O-O $16 Ba3 15. Na4 Bxb2+ 16. Nxb2 Qa3 {[%csl Gb8][%cal Ra3b2]} 17. Bd4 ({White should try} 17. c4 $1 $16) 17... Qxa2 $11 {[%cal Ra2a1]} 18. Qc3 {Black must now prevent Rhe1.} (18. c4 $5) 18... Rfd8 $36 {[%mdl 2048] aiming for ...Be2! Black is more active.} 19. Bc6 $2 (19. Rhe1 $11 c5 20. Qxc5) 19... Bb5 $1 $19 {[%cal Rb5c6]} ({Weaker is} 19... Qa1+ 20. Kd2 $16) 20. Bf3 {[#]} c5 $2 (20... Be2 $1 $19 {[%mdl 512]} 21. Nd3 (21. Bxe2 Ne4) 21... Bxd3 22. Rxd3 Qb1+ 23. Kd2 Qxh1 24. Bxf6 Rxd3+ 25. cxd3 gxf6 26. Qxf6 Qxh2 27. Qg5+ Kf8) 21. Qxc5 $11 Qa1+ 22. Kd2 Qxb2 23. Ke3 Qa2 24. Bxf6 $1 gxf6 $2 {[%mdl 8192]} (24... Qe6+ $11 {and Black has nothing to worry.} 25. Be5 Re8) 25. Rxd8+ $18 Rxd8 26. Qxb5 Qxc2 27. Rd1 $2 (27. Be4 $18 Qc3+ 28. Kf4) 27... Rxd1 $11 {[%mdl 4096] Endgame KQR-KQB} 28. Qb8+ Kg7 29. Bxd1 Qxd1 30. Qxa7 {KQ-KQ} (30. Qg3+ {keeps more tension.} Kh6 31. Qh4+ Kg6 32. Qg3+ Kf5 33. Qf4+) 30... Qg1 31. Kf3 Qxh2 32. Qd7 h5 33. g3 Qh1+ 34. Ke3 Qe1+ 35. Kf3 Qe5 36. Kg2 f5 37. Qd2 {The position is equal.} Qe4+ (37... f4 $5) 38. Kh2 Qg4 (38... f4 $5) 39. Qc3+ Kh7 40. Qc7 Qg6 41. Qf4 Qf6 42. Kh3 Kg6 43. Qb8 Kg7 (43... f4 {seems wilder.} 44. Qxf4 Qxf4 45. gxf4 Kf5 46. Kh4 Ke4) 44. Qf4 Qg6 45. Kh4 f6 {( -> ...Qg4+)} 46. f3 Kh7 47. g4 hxg4 48. fxg4 fxg4 49. Qc7+ Kg8 50. Qd8+ Kf7 51. Qd7+ Kf8 {Hoping for ...f5.} 52. Qd8+ $1 Kg7 {Threatens to win with ...f5.} 53. Qc7+ Qf7 54. Qxf7+ Kxf7 55. Kxg4 Ke6 {Strongly threatening ...Ke5.} 56. Kf4 {Precision: White = 68%, Black = 59%.} 1/2-1/2

[Event "World Team-ch 2017"]
[Site "Khanty-Mansyisk"]
[Date "2017.06.26"]
[Round "9"]
[White "Can, Emre"]
[Black "Stupak, Kirill"]
[Result "1/2-1/2"]
[WhiteElo "2589"]
[BlackElo "2564"]
[Annotator "TA"]
[PlyCount "141"]
[EventDate "2017.??.??"]
[EventType "team-tourn"]
[EventCountry "RUS"]
[SourceTitle "playchess.com"]
[Source "ChessBase"]
[SourceQuality "1"]
[WhiteTeam "TUR"]
[BlackTeam "BLR"]
[WhiteTeamCountry "TUR"]
[BlackTeamCountry "BLR"]

{[%evp 11,141,15,22,14,23,18,9,22,22,15,25,24,28,32,33,33,33,29,38,38,40,35,28,27,23,28,19,20,13,18,25,24,35,28,28,28,28,28,12,13,28,20,38,14,20,0,0,0,0,0,0,0,0,0,0,-30,0,-21,-22,-62,-62,-56,-56,-62,-36,-35,-31,-25,-29,-66,-48,-48,-48,-48,-48,-55,-55,-62,-62,-62,-62,-62,-62,-62,-62,-62,-62,-62,-62,-62,-62,-62,-62,-62,-62,-62,0,-62,-62,-62,-62,-62,-62,-62,-62,-62,-62,-62,-50,-50,-22,-22,-22,-29,-22,-22,-22,-22,-22,-22,-22,-22,-22,-29,-29,-29,-22,-29,-29,-29,-22,-29]} 1. d4 Nf6 2. c4 b6 3. Nf3 Bb7 4. g3 g6 5. Bg2 Bg7 6. O-O O-O 7. Bf4 {A50: Queen's Fianchetto Defence (1 d4 Nf6 2 c4 b6)} (7. Nc3 Ne4 8. Nxe4 Bxe4 9. Be3 c5 10. Qd2 d6 11. Rac1 Nd7 12. Rfd1 Nf6 13. Bh6 Qc7 14. Bxg7 Kxg7 15. Ne1 Rad8 16. f3 Bb7 17. d5 b5 18. b3 bxc4 19. bxc4 e5 {1-0 (56) Zherebukh,Y (2632)-Ipatov,A (2662) Saint Louis 2017}) 7... d6 8. Nc3 Ne4 9. Nxe4 Bxe4 10. Qd2 c5 11. Qe3 $146 ({Predecessor:} 11. d5 Bxf3 12. exf3 Nd7 13. Bh6 a6 14. Rfe1 b5 15. Bxg7 Kxg7 {1-0 (35) Sebenik,M (2534)-Grover,S (2467) chess.com INT 2017}) 11... Bb7 12. Bh6 cxd4 13. Nxd4 Bxg2 14. Kxg2 Qd7 15. Bxg7 Kxg7 16. Qf3 Na6 17. Rad1 Rac8 18. b3 Nc5 19. e4 Qb7 20. Rfe1 a6 21. h4 Nd7 22. e5 (22. Rd2 {with more complications.} Ne5 23. Qf4 h5 24. a4 Rfd8 25. Qg5) 22... Qxf3+ 23. Nxf3 Nxe5 24. Nxe5 dxe5 25. Rxe5 $11 {[%mdl 4096] Endgame KRR-KRR} Rc7 26. Kf3 Rb8 27. Ke3 Kf6 28. Red5 b5 29. Rc1 (29. cxb5 {looks sharper.} axb5 30. g4 Rc3+ 31. Kf4 e6 32. Rd7) 29... bxc4 30. Rxc4 Rxc4 31. bxc4 {KR-KR} Rb4 32. Kd3 Ra4 33. c5 {[#] Hoping for c6.} Ra3+ (33... Ke6 $5 {[%cal Re6d5]} 34. Rd8 Ra3+ 35. Kc4 Rxa2 $15) 34. Kd4 {Threatens to win with c6.} Rxa2 35. c6 Ke6 36. Rc5 Rd2+ $1 37. Kc4 Rd8 {...Rc8 is the strong threat.} ({Don't go for} 37... Kd6 $2 38. Kc3 $18) 38. Ra5 Kd6 {aiming for ...Ra8.} 39. Rxa6 Rb8 40. Kd3 Rb3+ 41. Ke4 Rc3 42. c7+ Kxc7 43. h5 f6 44. hxg6 hxg6 45. f3 Kd7 46. g4 g5 47. Rb6 Ra3 48. Rb7+ Ke6 49. Rb6+ Kf7 50. Rb7 Ra5 51. Ke3 Re5+ 52. Kf2 Kg6 53. Ra7 Kf7 54. Rb7 $1 Rd5 55. Ke3 Ke6 56. Ra7 Rd7 57. Ra5 Rb7 58. Ke4 Kf7 59. Ra6 e6 60. Ke3 f5 61. gxf5 exf5 62. Rc6 Re7+ 63. Kf2 Re6 64. Rc5 Kf6 65. Ra5 Rb6 66. Rc5 Kg6 67. Ra5 f4 68. Ra8 Kh6 69. Rh8+ Kg7 70. Ra8 Kh7 71. Rc8 {Precision: White = 68%, Black = 78%.} 1/2-1/2

[Event "World Team-ch 2017"]
[Site "Khanty-Mansyisk"]
[Date "2017.06.26"]
[Round "9"]
[White "Elsness, Frode"]
[Black "Karthikeyan, Murali"]
[Result "0-1"]
[WhiteElo "2466"]
[BlackElo "2582"]
[Annotator "TA"]
[PlyCount "76"]
[EventDate "2017.??.??"]
[EventType "team-tourn"]
[EventCountry "RUS"]
[SourceTitle "playchess.com"]
[Source "ChessBase"]
[SourceQuality "1"]
[WhiteTeam "NOR"]
[BlackTeam "IND"]
[WhiteTeamCountry "NOR"]
[BlackTeamCountry "IND"]

{[%evp 19,76,0,-8,-18,24,13,22,5,20,-25,3,-50,-58,-44,-45,-66,-56,-56,-59,-90,-88,-146,-156,-149,-132,-189,-185,-189,-189,-179,-176,-156,-161,-211,-212,-232,-225,-344,-337,-297,-295,-341,-217,-219,-207,-450,-450,-443,-442,-435,-426,-629,-541,-537,-502,-981,-495,-484,-483]} 1. d4 d5 2. c4 e6 3. Nf3 Nf6 4. g3 Be7 5. Bg2 O-O 6. O-O dxc4 7. Na3 Bxa3 8. bxa3 Nc6 9. Bb2 Rb8 {E05: Open Catalan: 5 Nf3 Be7} 10. Qc2 b5 {LiveBook: 16 Games} 11. a4 $146 ({Predecessor:} 11. Rad1 Ne7 12. e4 Bb7 13. Rfe1 Bxe4 14. Rxe4 Nxe4 15. Qxe4 Nd5 16. Qc2 Rb6 17. h4 {½-½ (53) Romanishin,O (2526)-Gustafsson,J (2634) Helsingor 2011}) 11... Ba6 {The position is equal.} (11... Nb4 $5 {[%cal Rb4c2]} 12. Qd1 Qe8 $15) 12. axb5 Bxb5 13. Ba3 Re8 14. Rfd1 a5 15. Rab1 (15. Ne5 $11 Nb4 16. Bxb4 axb4 17. Nxc4) 15... Nd5 $36 {[%mdl 2048] Black has good play.} 16. Rxb5 Rxb5 17. Qxc4 Rb6 18. Bc5 Rb8 $1 19. e4 Nf6 20. d5 (20. Qe2 $142) 20... exd5 $17 21. exd5 Qd7 22. Qa4 (22. a3 $17 {is a better defense.}) 22... Nxd5 $19 23. Nd4 Ne5 {[%cal Bc6e5,Be5c4,Bc4b2,Bb2d3][%mdl 32]} 24. Qxa5 Nc4 25. Qa6 Nb2 26. Ra1 {[#]} Nb4 $1 {[%cal Rb4a6]} 27. Qa5 N2d3 28. Ba7 (28. Rd1 $142) 28... Re5 29. Qa3 Rbe8 {( -> ...Re1+)} 30. Rf1 Re1 31. Qc3 {intending a3.} Qa4 32. a3 $2 (32. Nf5 {was called for.} R1e5 33. Nxg7 Kxg7 34. Bd4) 32... Qxa7 {Black is clearly winning.} 33. axb4 Rxf1+ 34. Bxf1 {[#]} Nxf2 $1 {[%mdl 512]} 35. Bb5 (35. Kxf2 $142 Re4 36. Qc5 Qxc5 37. bxc5 Rxd4 38. Ke3) 35... Ne4 36. Qe3 Rd8 37. Nf5 (37. Nc2 $142 Rd1+ 38. Bf1) 37... Qxe3+ 38. Nxe3 Rd4 {Precision: White = 38%, Black = 64%.} 0-1

[Event "World Team-ch 2017"]
[Site "Khanty-Mansyisk"]
[Date "2017.06.26"]
[Round "9"]
[White "Abdelnabbi, Imed"]
[Black "Kravtsiv, Martyn"]
[Result "0-1"]
[WhiteElo "2428"]
[BlackElo "2653"]
[Annotator "TA"]
[PlyCount "112"]
[EventDate "2017.??.??"]
[EventType "team-tourn"]
[EventCountry "RUS"]
[SourceTitle "playchess.com"]
[Source "ChessBase"]
[SourceQuality "1"]
[WhiteTeam "EGY"]
[BlackTeam "UKR"]
[WhiteTeamCountry "EGY"]
[BlackTeamCountry "UKR"]

{[%evp 24,112,15,0,10,0,2,0,0,-18,-19,-21,-17,-45,-6,-14,-8,-8,-4,-18,-23,-59,-48,-68,-59,-66,-56,-69,-62,-109,-88,-93,-93,-85,-82,-86,-80,-102,-98,-89,-87,-154,-160,-177,-141,-187,-172,-256,-249,-305,-304,-272,-285,-449,-460,-451,-455,-458,-425,-529,-530,-529,-527,-516,-498,-506,-516,-494,-347,-447,-345,-555,-380,-375,-376,-333,-284,-501,-453,-488,-480,-502,-494,-510,-530,-503,-486,-664,-614,-595,-538]} 1. e4 e5 2. Nf3 Nc6 3. Bb5 a6 4. Ba4 Nf6 5. O-O Be7 6. Re1 b5 7. Bb3 d6 8. c3 O-O 9. d3 Na5 10. Bc2 c5 11. Nbd2 Nc6 12. Nf1 Re8 13. a4 {And now axb5 would win.} b4 {C90: Closed Ruy Lopez with 7...d6: Early deviations} 14. Bg5 h6 (14... Be6 15. Ne3 Rb8 16. Nc4 Na5 17. Nxa5 Qxa5 18. Bd2 bxc3 19. bxc3 c4 20. h3 cxd3 21. Bxd3 {½-½ (28) Perunovic,M (2604)-Gharamian,T (2624) Lisbon 2017}) 15. Bd2 $146 ({Predecessor:} 15. Bxf6 Bxf6 16. Bb3 Be6 17. Ne3 Rb8 18. Bd5 Ne7 19. Bc4 a5 20. Bb5 Bd7 21. cxb4 Bxb5 22. axb5 axb4 {½-½ (54) Deepan Chakkravarthy,J (2487)-Sriram,J (2413) Goa 2015}) 15... Rb8 {The position is equal.} 16. h3 (16. a5 $5) 16... Be6 17. Ng3 Bf8 18. a5 Qc7 (18... b3 $5 {[%cal Rb3c2]} 19. Bb1 Qc7 $15) 19. Ba4 Rec8 20. Bxc6 Qxc6 21. c4 g6 22. Qc1 Kh7 $1 23. Nf1 Bg7 24. Ne3 Rf8 25. Nh2 Rbe8 26. Rf1 Nh5 27. Nd5 f5 28. Qd1 Bxd5 29. cxd5 Qb5 30. exf5 Qxd3 31. fxg6+ Qxg6 32. b3 (32. Rb1 $142) 32... Nf4 $17 33. Bxf4 exf4 34. Ra2 Bc3 35. Kh1 (35. Nf3 {might work better.}) 35... Rg8 $40 {[%csl Gg8][%cal Rg6g2][%mdl 128] [#] White is in trouble.} 36. Qc2 Qxc2 37. Rxc2 Rg5 38. Rd1 (38. Ng4 {keeps fighting.} f3 39. gxf3) 38... Rge5 39. Nf3 Re2 40. Rdc1 R8e4 41. Kg1 Rxc2 42. Rxc2 {[%mdl 4096] Endgame KRB-KRN} c4 43. bxc4 Rxc4 44. Nd2 Rd4 $1 {[%csl LRd2,LRd5]} 45. Nb3 Rd1+ 46. Kh2 Rxd5 47. g4 $2 {[#]} (47. Rc1) 47... Rd3 48. Nc1 Rd1 49. Kg2 d5 50. Nb3 $2 (50. Kf3) 50... Rb1 {Black is clearly winning.} 51. Nc5 Ra1 52. Re2 Rxa5 53. Re7+ Kg8 54. Rc7 Rb5 55. Na4 d4 56. Kf3 b3 {Precision: White = 29%, Black = 86%.} 0-1